000
00300nam a2200121Ia 4500
008
241002s9999 xx 000 0 und d
082
_a
320.5 NIC
100
_a
Niccolo, Machiarelli
245
4
_a
The Prince and the Discourses
260
_a
New York:
_c
1950
600
_a
Social Sciences
942
_c
UC
999
_c
18933
_d
18933